Statistics for Movies with Names in the Title #2

Click here to take the quiz!

General Stats

  • This quiz has been taken 68,901 times
  • The average score is 16 of 27

Answer Stats

Movie% Correct
{Alice} in Wonderland
100%
{Charlie} & the Chocolate Factory
94%
Breakfast at {Tiffany}'s
91%
{Alvin} and the Chipmunks
90%
{Bridget} Jones' Diary
84%
{Bruce} Almighty
79%
{George} of the Jungle
77%
{Erin} Brockovich
68%
{Jerry} Maguire
68%
What's Eating {Gilbert} Grape
65%
{Wayne}'s World
63%
{Evan} Almighty
59%
Meet {Joe} Black
59%
{Sophie}'s Choice
57%
Weekend at {Bernie}'s
55%
{Donnie} Brasco
54%
My Cousin {Vinny}
52%
{Billy} Madison
46%
{Harry} and the Hendersons
46%
{Josie} and the Pussycats
46%
Desperately Seeking {Susan}
44%
{Freddy} Got Fingered
39%
How {Stella} Got Her Groove Back
35%
Nurse {Betty}
28%
{Lorenzo}'s Oil
25%
{Mickey} Blue Eyes
25%
{Barry} Lyndon
20%

Score Distribution

Percentile by Number Answered

Percent of People with Each Score

Your Score History

You have not taken this quiz